Statistics for Countries of the Americas with an Empty Map

Click here to take the quiz!

General Stats

  • This quiz has been taken 4,297 times
  • The average score is 32 of 35

Answer Stats

Country % Correct
United States
99%
Canada
99%
Mexico
99%
Brazil
98%
Argentina
98%
Uruguay
97%
Chile
97%
Colombia
97%
Paraguay
97%
Venezuela
96%
Panama
96%
Peru
96%
Bolivia
96%
Cuba
96%
Ecuador
95%
Costa Rica
94%
Honduras
94%
Dominica
94%
Haiti
94%
Nicaragua
93%
Guatemala
93%
Guyana
93%
Jamaica
92%
Dominican Republic
92%
Belize
92%
El Salvador
91%
Suriname
91%
Bahamas
91%
Trinidad and Tobago
87%
Barbados
87%
Antigua and Barbuda
85%
Saint Kitts and Nevis
84%
Saint Lucia
84%
Saint Vincent and the Grenadines
81%
Grenada
79%

Score Distribution

Percentile by Number Answered

Percent of People with Each Score

Your Score History

You have not taken this quiz